Origami tessellations : (Record no. 353003)
[ view plain ]
| 000 -LEADER | |
|---|---|
| fixed length control field | 01032 a2200289 4500 |
| 003 - CONTROL NUMBER IDENTIFIER | |
| control field | OSt |
| 005 - DATE AND TIME OF LATEST TRANSACTION | |
| control field | 20180116192353.0 |
| 008 - FIXED-LENGTH DATA ELEMENTS--GENERAL INFORMATION | |
| fixed length control field | 120601t xxu||||| |||| 00| 0 eng d |
| 010 ## - LIBRARY OF CONGRESS CONTROL NUMBER | |
| LC control number | 2007020769 |
| 020 ## - INTERNATIONAL STANDARD BOOK NUMBER | |
| International Standard Book Number | 9781568814513 (pbk.) |
| 020 ## - INTERNATIONAL STANDARD BOOK NUMBER | |
| International Standard Book Number | 1568814518 (pbk.) |
| 035 ## - SYSTEM CONTROL NUMBER | |
| System control number | (OCoLC)ocn132585171 |
| 040 ## - CATALOGING SOURCE | |
| Transcribing agency | 0 |
| 082 00 - DEWEY DECIMAL CLASSIFICATION NUMBER | |
| Classification number | 736.982 |
| 100 1# - MAIN ENTRY--PERSONAL NAME | |
| Personal name | Gjerde, Eric, |
| 9 (RLIN) | 3449 |
| 245 10 - TITLE STATEMENT | |
| Title | Origami tessellations : |
| Remainder of title | awe-inspiring geometric designs / |
| Statement of responsibility, etc. | by Eric Gjerde. |
| 260 ## - PUBLICATION, DISTRIBUTION, ETC. | |
| Place of publication, distribution, etc. | Wellesley, Mass. : |
| Name of publisher, distributor, etc. | A K Peters, |
| Date of publication, distribution, etc. | 2009. |
| 300 ## - PHYSICAL DESCRIPTION | |
| Extent | 121 p. : |
| Other physical details | ill. (chiefly col.) ; |
| Dimensions | 26 cm. |
| 500 ## - GENERAL NOTE | |
| General note | Includes index. |
| 650 10 - SUBJECT ADDED ENTRY--TOPICAL TERM | |
| Topical term or geographic name entry element | Origami. |
| 9 (RLIN) | 3450 |
| 650 10 - SUBJECT ADDED ENTRY--TOPICAL TERM | |
| Topical term or geographic name entry element | Paper work |
| 9 (RLIN) | 3451 |
| 650 10 - SUBJECT ADDED ENTRY--TOPICAL TERM | |
| Topical term or geographic name entry element | Origami |
| General subdivision | Juvenile literature |
| 9 (RLIN) | 3452 |
| 856 41 - ELECTRONIC LOCATION AND ACCESS | |
| Materials specified | Table of contents only |
| Uniform Resource Identifier | <a href="http://www.loc.gov/catdir/toc/ecip0718/2007020769.html">http://www.loc.gov/catdir/toc/ecip0718/2007020769.html</a> |
| 856 41 - ELECTRONIC LOCATION AND ACCESS | |
| Materials specified | Publisher description |
| Uniform Resource Identifier | <a href="http://www.loc.gov/catdir/enhancements/fy0730/2007020769-d.html">http://www.loc.gov/catdir/enhancements/fy0730/2007020769-d.html</a> |
| 942 ## - ADDED ENTRY ELEMENTS (KOHA) | |
| Institution code [OBSOLETE] | SADA |
| Koha item type | Book |
| Call number prefix | 736.982 GJE 2009 |
| Source of classification or shelving scheme | |
| 952 ## - LOCATION AND ITEM INFORMATION (KOHA) | |
| -- | BOOK |
| Withdrawn status | Lost status | Damaged status | Not for loan | Permanent Location | Current Location | Date acquired | Total Checkouts | Total Renewals | Full call number | Barcode | Date last seen | Date last checked out | Cost, replacement price | Price effective from | Koha item type |
|---|---|---|---|---|---|---|---|---|---|---|---|---|---|---|---|
| School of Art Design and Architecture (SADA) | School of Art Design and Architecture (SADA) | 04/19/2011 | 10 | 3 | 736.982 GJE 2009 | SADA0000980 | 05/27/2016 | 05/16/2016 | 1850.00 | 08/05/2011 | Book |
